000 00596nas a22001817a 4500
999 _c1265
_d1265
008 130314t20049999cl ||||| |||| 00| 0 spa d
022 _a0252-0257
245 _aRevista de la CEPAL
260 _aSantiago de Chile:
_b Organización de las Naciones Unidas; Comisión Económica para América Latina y el Caribe,
_c2004
300 _av. :
310 _acuatrimestral
546 _aespañol
590 _aIndizada en: Latindex y Thomson ISI
590 _a2004 (84) BAJA DEPOSITO (CAJA 21) MAYO 2019
650 _aECONOMIA
_91984
856 _uhttp://www.eclac.org/revista/
942 _2ddc
_cCR